Top XIs: Real Betis Balompié (1983-2023) - Statistics

General Stats
  • This quiz has been taken 205 times
  • The average score is 135 of 400
Answer Stats
Hint Position Answer % Correct
2000/2001 MF Joaquín
89%
2001/2002 MF Joaquín
89%
2002/2003 MF Joaquín
89%
2003/2004 MF Joaquín
89%
2004/2005 MF Joaquín
89%
2005/2006 MF Joaquín
89%
2015/2016 MF Joaquín
89%
2016/2017 MF Joaquín
89%
2017/2018 MF Joaquín
89%
2019/2020 MF Joaquín
89%
2019/2020 MF Nabil Fekir
88%
2020/2021 MF Nabil Fekir
88%
2021/2022 MF Nabil Fekir
88%
2022/2023 MF Nabil Fekir
88%
2018/2019 MF Sergio Canales
83%
2019/2020 MF Sergio Canales
83%
2020/2021 MF Sergio Canales
83%
2021/2022 MF Sergio Canales
83%
2022/2023 MF Sergio Canales
83%
2019/2020 ST Borja Iglesias
82%
2020/2021 ST Borja Iglesias
82%
2018/2019 DF Marc Bartra
82%
2019/2020 DF Marc Bartra
82%
2021/2022 DF Marc Bartra
82%
2018/2019 MF William Carvalho
78%
2020/2021 MF William Carvalho
78%
2021/2022 MF William Carvalho
78%
2022/2023 MF William Carvalho
78%
2021/2022 DF Álex Moreno
76%
2022/2023 DF Álex Moreno
76%
2020/2021 MF Guido Rodríguez
76%
2021/2022 MF Guido Rodríguez
76%
2022/2023 MF Guido Rodríguez
76%
2010/2011 ST Rubén Castro
76%
2011/2012 ST Rubén Castro
76%
2012/2013 ST Rubén Castro
76%
2013/2014 ST Rubén Castro
76%
2014/2015 ST Rubén Castro
76%
2015/2016 ST Rubén Castro
76%
2016/2017 ST Rubén Castro
76%
2021/2022 ST Willian José
76%
2022/2023 ST Willian José
76%
2021/2022 DF Héctor Bellerín
75%
2022/2023 DF Héctor Bellerín
75%
2017/2018 MF Andrés Guardado
71%
2018/2019 MF Andrés Guardado
71%
2019/2020 MF Andrés Guardado
71%
2021/2022 ST Juanmi
71%
2022/2023 ST Juanmi
71%
2016/2017 DF Aïssa Mandi
69%
2017/2018 DF Aïssa Mandi
69%
2018/2019 DF Aïssa Mandi
69%
2019/2020 DF Aïssa Mandi
69%
2020/2021 DF Aïssa Mandi
69%
2010/2011 ST Jorge Molina
66%
2013/2014 ST Jorge Molina
66%
2014/2015 ST Jorge Molina
66%
2017/2018 MF Fabián Ruiz
65%
2015/2016 DF Germán Pezzella
65%
2016/2017 DF Germán Pezzella
65%
2021/2022 DF Germán Pezzella
65%
2022/2023 DF Germán Pezzella
65%
2014/2015 MF Dani Ceballos
64%
2015/2016 MF Dani Ceballos
64%
2016/2017 MF Dani Ceballos
64%
2020/2021 DF Juan Miranda
60%
2022/2023 DF Juan Miranda
60%
2020/2021 DF Víctor Ruiz
58%
2019/2020 DF Emerson Royal
57%
2020/2021 DF Emerson Royal
57%
2017/2018 MF Javi García
57%
2017/2018 ST Cristian Tello
55%
2018/2019 ST Cristian Tello
55%
2020/2021 ST Cristian Tello
55%
1998/1999 MF Denílson
55%
1999/2000 MF Denílson
55%
2000/2001 MF Denílson
55%
2001/2002 MF Denílson
55%
2002/2003 MF Denílson
55%
2003/2004 MF Denílson
55%
2017/2018 DF Junior Firpo
54%
2018/2019 DF Junior Firpo
54%
1983/1984 MF Rafael Gordillo
54%
1984/1985 MF Rafael Gordillo
54%
1992/1993 MF Rafael Gordillo
54%
1993/1994 MF Rafael Gordillo
54%
2019/2020 DF Zouhair Feddal
53%
1995/1996 ST Alfonso
52%
1996/1997 ST Alfonso
52%
1997/1998 ST Alfonso
52%
1999/2000 ST Alfonso
52%
1997/1998 ST Oli
52%
1998/1999 ST Oli
52%
2018/2019 MF Giovani Lo Celso
51%
2008/2009 ST Sergio García
51%
2009/2010 ST Sergio García
51%
2001/2002 DF Juanito
49%
2002/2003 DF Juanito
49%
2003/2004 DF Juanito
49%
2004/2005 DF Juanito
49%
2005/2006 DF Juanito
49%
2006/2007 DF Juanito
49%
2007/2008 DF Juanito
49%
2008/2009 DF Juanito
49%
2018/2019 ST Loren Morón
49%
2019/2020 ST Loren Morón
49%
2004/2005 ST Ricardo Oliveira
49%
2005/2006 ST Ricardo Oliveira
49%
2008/2009 ST Ricardo Oliveira
49%
1998/1999 DF Luis Fernández
48%
2001/2002 DF Luis Fernández
48%
2002/2003 DF Luis Fernández
48%
2003/2004 DF Luis Fernández
48%
2004/2005 DF Luis Fernández
48%
2010/2011 MF Beñat Etxebarria
46%
2011/2012 MF Beñat Etxebarria
46%
2012/2013 MF Beñat Etxebarria
46%
2000/2001 MF Capi
46%
2001/2002 MF Capi
46%
2002/2003 MF Capi
46%
2006/2007 MF Capi
46%
2007/2008 MF Capi
46%
2004/2005 ST Edu
46%
2005/2006 ST Edu
46%
2006/2007 ST Edu
46%
2007/2008 ST Edu
46%
2002/2003 MF Marcos Assunçao
46%
2003/2004 MF Marcos Assunçao
46%
2004/2005 MF Marcos Assunçao
46%
2005/2006 MF Marcos Assunçao
46%
2006/2007 MF Marcos Assunçao
46%
1996/1997 ST Finidi George
45%
1997/1998 ST Finidi George
45%
1998/1999 ST Finidi George
45%
1999/2000 ST Finidi George
45%
2017/2018 DF Antonio Barragán
42%
2012/2013 MF José Cañas
42%
1993/1994 MF Juanjo Cañas
42%
1994/1995 MF Juanjo Cañas
42%
1995/1996 MF Juanjo Cañas
42%
1996/1997 MF Juanjo Cañas
42%
2009/2010 DF Carlos García
41%
1989/1990 ST Pepe Mel
41%
1990/1991 ST Pepe Mel
41%
1991/1992 ST Pepe Mel
41%
2016/2017 ST Antonio Sanabria
40%
2015/2016 DF Martín Montoya
40%
2012/2013 MF Rubén Pérez
40%
2010/2011 MF Salva Sevilla
40%
2011/2012 MF Salva Sevilla
40%
2018/2019 DF Sidnei
35%
2008/2009 MF Achille Emaná
34%
2009/2010 MF Achille Emaná
34%
2010/2011 MF Achille Emaná
34%
2002/2003 MF Arzu
34%
2003/2004 MF Arzu
34%
2004/2005 MF Arzu
34%
2005/2006 MF Arzu
34%
2007/2008 MF Arzu
34%
2008/2009 MF Arzu
34%
2009/2010 MF Arzu
34%
2016/2017 DF Riza Durmisi
34%
2017/2018 DF Riza Durmisi
34%
2009/2010 MF Iriney
33%
2010/2011 MF Iriney
33%
2011/2012 MF Iriney
33%
2007/2008 MF Mark González
33%
2008/2009 MF Mark González
33%
1998/1999 MF Benjamín
31%
1999/2000 MF Benjamín
31%
2000/2001 MF Benjamín
31%
2004/2005 DF Melli
31%
2005/2006 DF Melli
31%
2006/2007 DF Melli
31%
1995/1996 MF Robert Jarni
31%
1996/1997 MF Robert Jarni
31%
1997/1998 MF Robert Jarni
31%
1993/1994 MF Alexis Trujillo
30%
1994/1995 MF Alexis Trujillo
30%
1995/1996 MF Alexis Trujillo
30%
1996/1997 MF Alexis Trujillo
30%
1997/1998 MF Alexis Trujillo
30%
1998/1999 MF Alexis Trujillo
30%
1999/2000 MF Alexis Trujillo
30%
2012/2013 DF Antonio Amaya
29%
2013/2014 DF Antonio Amaya
29%
2016/2017 DF Cristiano Piccini
29%
1983/1984 DF Diego
29%
1984/1985 DF Diego
29%
1985/1986 DF Diego
29%
1986/1987 DF Diego
29%
1987/1988 DF Diego
29%
1983/1984 ST Poli Rincón
29%
1984/1985 ST Poli Rincón
29%
1985/1986 ST Poli Rincón
29%
1986/1987 ST Poli Rincón
29%
1987/1988 ST Poli Rincón
29%
1988/1989 ST Poli Rincón
29%
2000/2001 DF David Rivas
28%
2001/2002 DF David Rivas
28%
2004/2005 DF David Rivas
28%
2005/2006 DF David Rivas
28%
2013/2014 MF Lolo Reyes
28%
2014/2015 MF Lolo Reyes
28%
1983/1984 MF Julio Cardeñosa
27%
2012/2013 ST Joel Campbell
25%
2011/2012 DF Paulão
25%
2012/2013 DF Paulão
25%
2013/2014 DF Paulão
25%
2015/2016 MF Petros
25%
2016/2017 MF Petros
25%
1994/1995 MF Vlada Stošić
25%
1995/1996 MF Vlada Stošić
25%
2016/2017 DF Alin Toșca
24%
1989/1990 DF Antonio León
24%
2012/2013 DF Javi Chica
24%
2013/2014 DF Javi Chica
24%
1992/1993 DF Roberto Ríos
24%
1993/1994 DF Roberto Ríos
24%
1996/1997 DF Roberto Ríos
24%
2011/2012 ST Roque Santa Cruz
24%
2013/2014 MF Alfred N'Diaye
23%
2014/2015 MF Alfred N'Diaye
23%
2015/2016 MF Alfred N'Diaye
23%
1994/1995 DF Risto Vidaković
23%
1995/1996 DF Risto Vidaković
23%
1996/1997 DF Risto Vidaković
23%
1997/1998 DF Risto Vidaković
23%
1995/1996 ST Pier
22%
1996/1997 ST Pier
22%
2017/2018 MF Ryad Boudebouz
22%
2013/2014 DF Jordi Figueras
20%
2014/2015 DF Jordi Figueras
20%
2010/2011 DF José A. Dorado
20%
2011/2012 DF José A. Dorado
20%
1991/1992 DF Juan Merino
20%
1992/1993 DF Juan Merino
20%
1993/1994 DF Juan Merino
20%
1994/1995 DF Juan Merino
20%
1995/1996 DF Juan Merino
20%
1996/1997 DF Juan Merino
20%
1997/1998 DF Juan Merino
20%
1998/1999 DF Juan Merino
20%
1999/2000 DF Juan Merino
20%
1986/1987 MF Antonio Reyes
19%
2006/2007 DF Enrique Romero
19%
2002/2003 DF Fernando Varela
19%
2003/2004 DF Fernando Varela
19%
2005/2006 DF Fernando Varela
19%
2014/2015 DF Fran Varela
19%
1983/1984 MF Gabriel Calderón
19%
1984/1985 MF Gabriel Calderón
19%
1985/1986 MF Gabriel Calderón
19%
1986/1987 MF Gabriel Calderón
19%
1998/1999 MF Ito
19%
2001/2002 MF Ito
19%
2003/2004 MF Ito
19%
2013/2014 MF Joan Verdú
19%
2007/2008 ST Mariano Pavone
19%
2009/2010 ST Mariano Pavone
19%
2009/2010 DF Nacho
19%
2010/2011 DF Nacho
19%
2011/2012 DF Nacho
19%
2012/2013 DF Nacho
19%
2006/2007 ST Rafael Sóbis
19%
2007/2008 ST Rafael Sóbis
19%
1996/1997 MF Albert Nađ
18%
1997/1998 MF Albert Nađ
18%
2014/2015 DF Bruno
18%
2015/2016 DF Bruno
18%
1994/1995 DF Jaime Quesada
18%
1995/1996 DF Jaime Quesada
18%
2011/2012 MF Jefferson Montero
18%
2013/2014 MF Juanfran
18%
1994/1995 ST Ángel Cuéllar
17%
1994/1995 ST Wojciech Kowalczyk
17%
2005/2006 MF Alberto Rivera
16%
2006/2007 MF Alberto Rivera
16%
2012/2013 ST Dorlan Pabón
16%
2014/2015 DF Francisco Molinero
16%
2007/2008 DF Damià
14%
2008/2009 DF Damià
14%
2007/2008 DF Fernando Vega
14%
2008/2009 DF Fernando Vega
14%
2009/2010 DF Fernando Vega
14%
2000/2001 ST Gastón Casas
14%
2001/2002 ST João Tomás
14%
2015/2016 MF Juan M. Vargas
14%
1991/1992 MF Márquez
14%
1992/1993 MF Márquez
14%
1993/1994 MF Márquez
14%
2008/2009 DF Nélson
14%
2009/2010 DF Nélson
14%
2011/2012 DF Nélson
14%
1993/1994 DF Tomás Olías
14%
1997/1998 DF Tomás Olías
14%
1985/1986 DF Faruk Hadžibegić
13%
1986/1987 MF Faruk Hadžibegić
13%
2015/2016 DF Heiko Westermann
13%
2008/2009 MF Mehmet Aurélio
13%
2009/2010 MF Mehmet Aurélio
13%
2006/2007 DF Branko Ilić
12%
2007/2008 DF Branko Ilić
12%
1987/1988 MF Chano
12%
1988/1989 MF Chano
12%
1989/1990 MF Chano
12%
1990/1991 MF Chano
12%
2014/2015 MF Foued Kadir
12%
2000/2001 ST Gabriel Amato
12%
2001/2002 ST Gabriel Amato
12%
2010/2011 DF Isidoro
12%
1999/2000 DF Jorge Otero
12%
2000/2001 DF Jorge Otero
12%
1989/1990 DF Juan Ureña
12%
1990/1991 DF Juan Ureña
12%
1991/1992 DF Juan Ureña
12%
1992/1993 DF Juan Ureña
12%
1993/1994 DF Juan Ureña
12%
1987/1988 DF Julio
12%
1988/1989 DF Julio
12%
1989/1990 DF Julio
12%
1990/1991 DF Julio
12%
1991/1992 DF Julio
12%
2003/2004 DF Alejandro Lembo
11%
2000/2001 DF David Belenguer
11%
2010/2011 DF David Belenguer
11%
1989/1990 MF Ramón Calderé
11%
1990/1991 DF Miguel Ángel
11%
1989/1990 DF Miguel Ángel II
11%
1988/1989 MF Ramón Calderé
11%
1992/1993 MF Tab Ramos
11%
1993/1994 ST Daniel Aquino
10%
2002/2003 ST Fernando Escribano
10%
2003/2004 ST Fernando Escribano
10%
2004/2005 MF Fernando Escribano
10%
1985/1986 MF Gabino
10%
1986/1987 MF Gabino
10%
1987/1988 MF Gabino
10%
1991/1992 MF Gabino
10%
1998/1999 DF Iulian Filipescu
10%
1999/2000 DF Iulian Filipescu
10%
2000/2001 DF Iulian Filipescu
10%
2001/2002 DF Iulian Filipescu
10%
2002/2003 DF Iulian Filipescu
10%
1984/1985 DF Pepeo Calleja
10%
1985/1986 DF Pepeo Calleja
10%
1986/1987 DF Pepeo Calleja
10%
1987/1988 DF Pepeo Calleja
10%
1988/1989 DF Pepeo Calleja
10%
1997/1998 DF Roberto Solozábal
10%
1998/1999 DF Roberto Solozábal
10%
1983/1984 DF Álex Mohamed
8%
1984/1985 DF Álex Mohamed
8%
1985/1986 DF Álex Mohamed
8%
1986/1987 DF Álex Mohamed
8%
1983/1984 MF Joaquín Parra
8%
1984/1985 MF Joaquín Parra
8%
1985/1986 MF Joaquín Parra
8%
1986/1987 MF Joaquín Parra
8%
1988/1989 DF Job
8%
1994/1995 DF Josete
8%
1995/1996 DF Josete
8%
1983/1984 MF Antolín Ortega
7%
1984/1985 MF Antolín Ortega
7%
1985/1986 MF Antolín Ortega
7%
1994/1995 MF José M. Menéndez
7%
1985/1986 MF José Ramón Romo
7%
1988/1989 ST Puma Rodríguez
7%
1989/1990 ST Puma Rodríguez
7%
1987/1988 DF Quico
7%
1990/1991 DF Trifon Ivanov
7%
1992/1993 DF Trifon Ivanov
7%
1992/1993 DF Antonio Monreal
6%
2006/2007 MF Johann Vogel
6%
1986/1987 DF Luis Miguel Gail
6%
1987/1988 DF Luis Miguel Gail
6%
1984/1985 DF Mantilla
6%
1987/1988 ST Patricio Yáñez
6%
1988/1989 ST Patricio Yáñez
6%
1983/1984 DF Canito
5%
1999/2000 DF Diego Crosa
5%
1988/1989 DF Manolo Hierro
5%
1990/1991 MF Michal Bílek
5%
1991/1992 MF Michal Bílek
5%
1999/2000 MF Miroslav Karhan
5%
1992/1993 MF Andrey Kobelev
4%
1990/1991 ST Antonio Valentín
4%
1989/1990 ST Francisco Zafra
4%
1990/1991 MF Jordi Vinyals
4%
1983/1984 ST Paco Machín
4%
1984/1985 ST Paco Machín
4%
1988/1989 MF Recha
4%
1991/1992 ST Roman Kukleta
4%
1992/1993 ST Velli Kasumov
4%
1993/1994 ST Velli Kasumov
4%
1987/1988 MF José Luis Vara
2%
1989/1990 MF José Luis Vara
2%
1990/1991 DF Rodolfo Dapena
2%
1991/1992 DF Rodolfo Dapena
2%
1991/1992 ST Alois Grussmann
1%
No matching quizzes found
Score Distribution
Percent of People with Each Score
Percentile by Number Answered
Your Score History
You have not taken this quiz